| 000 | 01222cam a22001934a 4500 | ||
|---|---|---|---|
| 005 | 20250605164115.0 | ||
| 008 | 250528s ||||||||||||||||||||||||d | ||
| 035 | _a18056 | ||
| 020 | _a813340268 | ||
| 040 |
_aGR-AtMCL _bgre _dGR-AtMCL _eAACR2 |
||
| 245 | 1 | _aEveryday Irrationality / How Pseudo-Scientists, Lunatics, and the Rest of Us Systematically Fail to Think Rationally | |
| 260 |
_bWestview Press, _c2001 |
||
| 300 | _a228 | ||
| 520 | _aThe writer defines irrationality as adhering to beliefs that are inherently self-contradictory, not just incorrect, self-defeating, or the basis of poor decisions. Preface, Acknowledgements, Irrationality Is Abundant, Irrationality Has Consequences, Irrationality: Emotional and Cognitive and Both or Neither?, Irrationality as a ''Reasonable'' Response to an Incomplete Specification, Probabilistic Rationality and Irrationality, Tree Specific Irrationalities of Probabilistic Judgement, Good Stories, Connecting Ourselves with Others and Without Resource to a Good Story, Sexual Abuse Hysteria, Figure Versus Ground (Entry Value Versus Default Value), Rescuing Human Rationality. | ||
| 700 | 1 |
_aDawes Robyn M _94345 |
|
| 942 | _cBK | ||
| 999 |
_c3448 _d3448 |
||